000 00674nam a2200181 i 4500
001 57235
003 ES-MaACL
005 20230906163535.0
007 t|
008 031015s1914 sp ||||1| spa d
245 0 0 _aDocumentos inéditos del siglo XVI para la historia de México /
_ccorregidos y anotados por Mariano Cuevas ; publicación hecha bajo la dirección de Genaro García.
260 _aMéxico :
_bTalleres del Museo Nacional,
_c1914.
300 _aXXXI, 521 p. ;
_c29 cm.
651 4 _aMéxico-
_xHistoria-
_y1521-1821, Época colonial-
_vFuentes.
_9158071
700 1 _aCuevas, Mariano.
_942102
700 1 _aGarcía, Genaro.
_954028
852 _aES-MaACL
_jF-123
999 _c57235
_d57235